ბათუმის შოთა რუსთაველის სახელმწიფო უნივერსიტეტის ბიბლიოთეკა

Prime Time 5. Student's Book (ბიბ.ჩანაწერი № 51360)

000 -LEADER
fixed length control field 00583nam a2200241Ia 4500
001 - CONTROL NUMBER
control field 18342
003 - CONTROL NUMBER IDENTIFIER
control field GE_BSU
008 - FIXED-LENGTH DATA ELEMENTS--GENERAL INFORMATION
fixed length control field 181216s||||||||xx |||||||||||||| ||und||
020 ## - INTERNATIONAL STANDARD BOOK NUMBER
International Standard Book Number 978141503214
040 ## - CATALOGING SOURCE
Transcribing agency GE_BSU
080 ## - UNIVERSAL DECIMAL CLASSIFICATION NUMBER
Universal Decimal Classification number 811.111(075.8)
100 ## - MAIN ENTRY--PERSONAL NAME
Personal name Evans, Virginia. Dooley,Jenny
245 ## - TITLE STATEMENT
Title Prime Time 5. Student's Book
260 ## - PUBLICATION, DISTRIBUTION, ETC.
Place of publication, distribution, etc. Newbury
260 ## - PUBLICATION, DISTRIBUTION, ETC.
Name of publisher, distributor, etc. Express Publishing
260 ## - PUBLICATION, DISTRIBUTION, ETC.
Date of publication, distribution, etc. 2013
300 ## - PHYSICAL DESCRIPTION
Extent 150p.30cm.
653 ## - INDEX TERM--UNCONTROLLED
Uncontrolled term Prime Time 5
653 ## - INDEX TERM--UNCONTROLLED
Uncontrolled term Student's Book
653 ## - INDEX TERM--UNCONTROLLED
Uncontrolled term ინგლისური ენა
942 ## - ADDED ENTRY ELEMENTS (KOHA)
Koha item type წიგნი
ეგზემპლარები
Withdrawn status Lost status Damaged status Not for loan Date acquired Barcode Date last seen Price effective from Koha item type
        2018-12-17 46887 2018-12-17 2018-12-17 წიგნი
        2018-12-17 46888 2018-12-17 2018-12-17 წიგნი
        2018-12-17 46889 2018-12-17 2018-12-17 წიგნი
        2018-12-17 46890 2018-12-17 2018-12-17 წიგნი
        2018-12-17 46891 2018-12-17 2018-12-17 წიგნი
        2018-12-17 46892 2018-12-17 2018-12-17 წიგნი
        2018-12-17 46893 2018-12-17 2018-12-17 წიგნი
        2018-12-17 46894 2018-12-17 2018-12-17 წიგნი
        2018-12-17 46895 2018-12-17 2018-12-17 წიგნი
        2018-12-17 46896 2018-12-17 2018-12-17 წიგნი